000 00701cam a2200205 a 4500
001 000019214
005 20200929165943.0
008 750813s1971 ho 000 0 spa d
040 _aDO-SdBNP
_bspa
_cLC
_dBNPHU
050 0 0 _aF1438.V175
_bR6 1971
082 _ann*
_bnn*
100 1 _aRosa, Ramón,
_d1848-1893.
_93508
245 1 0 _aBiografía de Jose Cecilio del Valle /
_cRamón Rosa.
260 _a[Tegucigalpa] :
_bOficina de relaciones Públicas, Presidencia de Honduras,
_c[1971].
300 _a118 p. ;
_c22 cm.
600 1 0 _aValle, Jose Cecilio del,
_d1777-1834.
_941341
651 0 _aCentral America
_xPolitics And Government.
_941342
910 _aCatalogación derivada / LC
049 _aBNGR
999 _c18732
_d18732